| 000 | 01323nam a22002897a 4500 | ||
|---|---|---|---|
| 001 | 4846 | ||
| 003 | FISKH | ||
| 005 | 20241017152606.0 | ||
| 008 | 241017b cb ||||| |||| 00| 0 eng d | ||
| 020 | _a9780194794206 | ||
| 040 |
_aFISKH _beng _cFISKH _dFISKH |
||
| 050 | _aPE1126.A4 | ||
| 082 | _a428.6 | ||
| 100 | _aWest, Clare | ||
| 245 |
_aGazing at Stars: Stories from Asia / _cRetold by Clare West |
||
| 260 |
_aOxford : _bOxford University Press ; _c2003 . |
||
| 300 |
_a119 pages : _billustrations ; _c21 cm . |
||
| 490 |
_aOxford Bookworms _vBook 6 |
||
| 505 | _aS | ||
| 520 | _aHow fair is fair trade? When the American models leave the Malaysian island after their fashion shoot, they take away more than just photographs, and leave behind a family that will never be the same again.Bookworms World Stories collect stories written in English from around the world. These stories from China, India, Malaysia, and Singapore, are by writers Lui Hong, Attia Hosain, Preeta Samarasan, Hwee Hwee Tan, Ridjal Noor, Shashi Deshpande, Ovidia Yu, Nora Adam, Nirupama Subramanian, and CatherineLim. | ||
| 521 | 8 |
_a790
_bLexile estimate |
|
| 521 | 8 |
_aS
_bRaz-Plus |
|
| 650 |
_aold wedding ceremony _vfiction |
||
| 700 |
_aBassett, Jennifer _eSeries Editor |
||
| 942 |
_2ddc _cBK _n0 |
||
| 999 |
_c4846 _d4846 |
||